[Event "Titled Tuesday intern op 12th Dec Early"]
[Site "Chess.com INT"]
[Date "2023.12.12"]
[Round "9"]
[White "Iskusnyh, Sergei"]
[Black "Yurasov, Matfey"]
[Result "1-0"]
[WhiteElo "2440"]
[BlackElo "2152"]
[PlyCount "71"]
[EventDate "2023.12.12"]
[EventType "swiss (blitz)"]
[EventRounds "11"]
[EventCountry "USA"]
[SourceTitle "CB51_2023"]
[SourceDate "2023.12.20"]
[SourceVersion "1"]
[SourceVersionDate "2023.12.20"]
[SourceQuality "1"]

1. d4 d5 2. c4 c6 3. Nf3 Nf6 4. e3 Bf5 5. Nc3 e6 6. Nh4 Be4 7. f3 Bg6 8. Bd2 Nbd7 9. Nxg6 hxg6 10. Qc2 Bd6 11. 0-0-0 Rc8 12. c5 Bc7 13. e4 dxe4 14. Nxe4 Nxe4 15. fxe4 0-0 16. h4 b6 17. cxb6 axb6 18. h5 g5 19. Bc3 c5 20. dxc5 Bf4+ 21. Kb1 Rxc5 22. Qd3 Rc7 23. h6 f6 24. hxg7 Kxg7 25. e5 f5 26. g3 Rxc3 27. Qxc3 Bxe5 28. Rxd7+ Qxd7 29. Qxe5+ Kg6 30. Bc4 Re8 31. g4 Qc6 32. Rc1 Qf3 33. gxf5+ Qxf5+ 34. Qxf5+ exf5 35. Bb5 Re2 36. Bxe2 1-0

[Event "Titled Tuesday intern op 12th Dec Early"]
[Site "Chess.com INT"]
[Date "2023.12.12"]
[Round "8"]
[White "Rios Escobar, Adan"]
[Black "Iskusnyh, Sergei"]
[Result "0-1"]
[WhiteElo "2234"]
[BlackElo "2440"]
[PlyCount "150"]
[EventDate "2023.12.12"]
[EventType "swiss (blitz)"]
[EventRounds "11"]
[EventCountry "USA"]
[SourceTitle "CB51_2023"]
[SourceDate "2023.12.20"]
[SourceVersion "1"]
[SourceVersionDate "2023.12.20"]
[SourceQuality "1"]

1. Nf3 d5 2. e3 Nf6 3. c4 c6 4. Nc3 a6 5. a4 Bf5 6. cxd5 cxd5 7. Qb3 Nc6 8. Qxb7 Na5 9. Qb4 e6 10. Qh4 Nb3 11. a5 Nxa1 12. Qa4+ Nd7 13. Qxa1 Bb4 14. Nd4 Qxa5 15. Qxa5 Bxa5 16. Nxf5 exf5 17. Nxd5 Rc8 18. Kd1 Nc5 19. b4 Ne4 20. Bxa6 Rd8 21. Bb5+ Kf8 22. Bc6 Bxb4 23. Nxb4 Nxf2+ 24. Ke2 Nxh1 25. Ba3 Kg8 26. Nd5 h5 27. g3 Rh6 28. Ne7+ Kh8 29. Bxh1 Ra6 30. Bc5 g6 31. Nd5 Rc8 32. Bd4+ Kh7 33. Nf6+ Kh6 34. Bb7 Rcc6 35. Bxa6 Rxa6 36. Nd5 Ra2 37. Nf4 Kg5 38. h4+ Kg4 39. Be5 Kxg3 40. Nxg6+ Kg4 41. Nh8 Ra7 42. Bf6 Rd7 43. d4 f4 44. exf4 Kxf4 45. Kd3 Kf5 46. Bg5 f6 47. Bh6 Rh7 48. Nf7 Rxf7 49. Kc4 Rc7+ 50. Kd5 Kg4 51. Bf8 Kxh4 52. Ke6 Rc8 53. Be7 Kg4 54. Bxf6 h4 55. d5 h3 56. Be5 h2 57. d6 Re8+ 58. Kf6 Rxe5 59. Kxe5 h1Q 60. Ke6 Qh6+ 61. Ke7 Qg7+ 62. Ke8 Qg8+ 63. Ke7 Qg7+ 64. Ke8 Qe5+ 65. Kd7 Kf5 66. Kc6 Ke6 67. Kc7 Qd5 68. d7 Qxd7+ 69. Kb6 Ke5 70. Kc5 Ke4 71. Kc4 Qc7+ 72. Kb3 Kd3 73. Kb4 Qb6+ 74. Ka3 Kc3 75. Ka2 Qb2# 0-1

[Event "Titled Tuesday intern op 14th Nov Early"]
[Site "Chess.com INT"]
[Date "2023.11.14"]
[Round "8"]
[White "Ardila, Oscar Humberto"]
[Black "Iskusnyh, Sergei"]
[Result "0-1"]
[WhiteElo "1979"]
[BlackElo "2440"]
[PlyCount "98"]
[EventDate "2023.11.14"]
[EventType "swiss (blitz)"]
[EventRounds "11"]
[EventCountry "USA"]
[SourceTitle "CB47_2023"]
[SourceDate "2023.11.22"]
[SourceVersion "1"]
[SourceVersionDate "2023.11.22"]
[SourceQuality "1"]

1. d4 d5 2. c4 c6 3. Nf3 Nf6 4. Nc3 a6 5. e3 e6 6. Bd2 c5 7. cxd5 exd5 8. Be2 Nc6 9. 0-0 Be6 10. Rc1 c4 11. Ng5 Bd6 12. Nxe6 fxe6 13. f4 0-0 14. Bf3 b5 15. a3 Rb8 16. Be1 Ne7 17. g4 a5 18. Bh4 b4 19. axb4 axb4 20. Ne2 Qb6 21. Kh1 Kh8 22. Ra1 Ng6 23. Bg3 Qc7 24. Qa4 Nd7 25. f5 exf5 26. Bxd5 Nb6 27. Qc6 Nxd5 28. Qxd5 Bxg3 29. Nxg3 fxg4 30. Rxf8+ Rxf8 31. Ra8 c3 32. Rxf8+ Nxf8 33. bxc3 bxc3 34. Qa8 Kg8 35. Qd5+ Qf7 36. Qc5 Qf3+ 37. Kg1 Qxe3+ 38. Kg2 Qf3+ 39. Kg1 Qd1+ 40. Kg2 Qd2+ 41. Kf1 c2 42. Ne2 h6 43. Qd5+ Kh7 44. Qf5+ Ng6 45. Qc5 Qd3 46. Kf2 Qf3+ 47. Ke1 Qd3 48. Kf2 Nh4 49. Qe7 Nf5 0-1